000 00459nam a2200169Ia 4500
008 100122s9999 xx 000 0 und d
082 _b33594
_a128.3
100 _aJAMES G D
245 _aMAN THE ETERNAL PARADOX वाळवी
260 _bLIVING LIGHT PUBLICATIO
_c1974
300 _a43
520 _aMAN
620 _aMAN
630 _aMAN THE ETERNAL PARADOX वाळवी
730 _aMAN THE ETERNAL PARADOX वाळवी
942 _cBOOK
999 _c370470
_d370467